KOHA-Header-6

Contemporary Biographical Quotations (Record no. 10511)

000 -LEADER
fixed length control field 00273nam a2200109Ia 4500
100 ## - MAIN ENTRY--AUTHOR NAME
Personal name Frank S Pepper
245 #0 - TITLE STATEMENT
Title Contemporary Biographical Quotations
260 ## - PUBLICATION, DISTRIBUTION, ETC. (IMPRINT)
Place of publication New york
Name of publisher Prentice
Year of publication 2006
300 ## - PHYSICAL DESCRIPTION
Number of Pages 267
942 ## - ADDED ENTRY ELEMENTS (KOHA)
Koha item type Books

No items available.

Powered by Koha